| 000 | 01313nam a22003377a 4500 | ||
|---|---|---|---|
| 003 | CHAP | ||
| 005 | 20220329143330.0 | ||
| 008 | 080902s2008 mx a r 00010 spa d | ||
| 010 | _a95092 | ||
| 011 | _a96064 | ||
| 035 | _a106705 | ||
| 040 | _cCHAP | ||
| 090 | _aTesis | ||
| 100 | 1 |
_aCárdenas Rico, José Alberto. _924086 |
|
| 245 | 1 | 0 |
_aDistribución, comportamiento y rentabilidad del cultivo del maíz grano en el DDR 05 [Distrito de Desarrollo Rural] del Estado de Guanajuato _c/por José Alberto Cárdenas Rico |
| 260 |
_aChapingo, Méx. : _bEl autor, _c2008 |
||
| 300 |
_avi, 69 h. : _bcuadros |
||
| 502 | _aTesis (Ing. Agr. Esp. en Parasitología Agrícola) -- UACH. Departamento de Parasitología Agrícola | ||
| 590 |
_aALEPH _b10 _c20130110 _lUCH01 _h1523 |
||
| 590 |
_aBATCH-UPD _b10 _c20130110 _lUCH01 _h0656 |
||
| 590 |
_aBATCH-UPD _b10 _c20130410 _lUCH01 _h0341 |
||
| 590 |
_aBATCH-UPD _b10 _c20130914 _lUCH01 _h0952 |
||
| 590 |
_aCONVERSION _b10 _c20130109 _lUCH01 _h1353 |
||
| 650 | 1 | 4 |
_aAgricultura _xCostos. _91385 |
| 650 | 1 | 4 |
_aMaíz _xGuanajuato. _970969 |
| 650 | 1 | 4 |
_aMaíz _xRendimiento. _971051 |
| 901 | _aBK | ||
| 942 | _cFOLL | ||
| 949 |
_aTesis _bBC _cTES _d33724002067470 _eTS1 _gDonaciØn _h47968 _i106705 _sb |
||
| 949 |
_aTesis _bBC _cTES _d33724002067512 _eTS2 _fc.2 _gDonaciØn _h47969 _i106705 _sb |
||
| 999 |
_c95092 _d95092 |
||